I should hate you lyrics - Gracie Abrams - Statistics

General Stats
  • This quiz has been taken 47 times
  • The average score is 270 of 304
Answer Stats
Hint Answer % Correct
hate
100%
I
100%
my
100%
should
100%
you
100%
I'd
96%
Like
96%
the
96%
Then
96%
to
96%
almost
93%
and
93%
And
93%
car
93%
crashed
93%
feel
93%
in
93%
of
93%
stupid
93%
that
93%
think
93%
about
89%
are
89%
but
89%
But
89%
'Cause
89%
'cause
89%
Drivin'
89%
for
89%
home
89%
kill
89%
know
89%
talk
89%
where
89%
Where
89%
who
89%
would
89%
alone
85%
At
85%
best
85%
call
85%
dark
85%
even
85%
god
85%
hard
85%
hell
85%
If
85%
if
85%
it
85%
kitchen
85%
Verse 1 Last
85%
less
85%
listened
85%
loved
85%
Making
85%
night
85%
one
85%
pretend
85%
stay
85%
swear
85%
table
85%
tried
85%
try
85%
was
85%
Wasn't
85%
wasn't
85%
your
85%
Verse 3 After
81%
All
81%
all
81%
drive
81%
ever
81%
furniture
81%
get
81%
house
81%
is
81%
left
81%
mental
81%
right
81%
spiralled
81%
this
81%
up
81%
we
81%
when
81%
conditions
78%
didn't
78%
disappointed
78%
I'll
78%
No
78%
shit
78%
still
78%
Thinkin'
78%
through
78%
time
78%
went
78%
you're
78%
any
74%
back
74%
Pre-Chorus Because
74%
breath
74%
broken
74%
don't
74%
door
74%
forgiveness
74%
give
74%
happen
74%
head
74%
kinda
74%
mind
74%
open
74%
perfect
74%
supposed
74%
wasted
74%
way
74%
without
74%
console
70%
doin'
70%
it's
70%
not
70%
standards
70%
were
70%
alright
67%
bend
67%
credit
67%
forget
67%
here
67%
knife
67%
Ooh
67%
ooh
67%
out
67%
Verse 2 Pulled
67%
drank
59%
How
59%
something
59%
strong
59%
Bet
56%
just
56%
aimed
48%
No matching quizzes found
Score Distribution
Percent of People with Each Score
Percentile by Number Answered
Your Score History
You have not taken this quiz